KOHA-Header-6

GE-Basic Self Teaching Guide (Record no. 2767)

000 -LEADER
fixed length control field 00296nam a2200121Ia 4500
008 - FIXED-LENGTH DATA ELEMENTS--GENERAL INFORMATION
fixed length control field 190902s9999||||xx |||||||||||||| ||und||
020 ## - INTERNATIONAL STANDARD BOOK NUMBER
International Standard Book Number 0-07-099130-8
100 ## - MAIN ENTRY--PERSONAL NAME
Personal name Ruth Ashley
245 #0 - TITLE STATEMENT
Title GE-Basic Self Teaching Guide
260 ## - PUBLICATION, DISTRIBUTION, ETC. (IMPRINT)
Place of publication, distribution, etc India
Name of publisher, distributor, etc The McGraw-Hill
Date of publication, distribution, etc 1991
300 ## - PHYSICAL DESCRIPTION
Extent 334
942 ## - ADDED ENTRY ELEMENTS (KOHA)
Koha item type Books
Holdings
Withdrawn status Lost status Damaged status Not for loan Permanent Location Current Location Date acquired Barcode Date last seen Price effective from Koha item type
        MAJU MAJU 2019-09-02 6424 2022-04-25 2019-09-02 Books

Powered by Koha